Evaluación de la efectividad de algunos antimicrobianos frente a listeria monocytogenes en lechuga
I tiakina i:
| Ngā kaituhi matua: | , , |
|---|---|
| Hōputu: | Pukapuka |
| Reo: | Pāniora |
| I whakaputaina: |
Bogotá
Fundación Universidad de Bogotá Jorge Toledo Lozano
2010
|
| Rangatū: | Resultados de Investigación, 3
|
| Ngā marau: | |
| Ngā Tūtohu: |
Tāpirihia he Tūtohu
Kāore He Tūtohu, Me noho koe te mea tuatahi ki te tūtohu i tēnei pūkete!
|
MARC
| LEADER | 00000nam a2200000 a 4500 | ||
|---|---|---|---|
| 001 | UCG3832 | ||
| 003 | CL-VaPUC | ||
| 008 | 100916e20100000CK |||||||||||||||||spa|d | ||
| 082 | 0 | 4 | |a 579.37 |b LUN |2 21 |
| 100 | |a Luna Cortés, Gilma Janeth |e autora |9 553129 | ||
| 700 | 0 | |a Romero Gil, Adriana |e author |9 553130 | |
| 700 | 0 | |a Lozada Sepúlveda, Hugo |e author |9 553131 | |
| 245 | 1 | 0 | |a Evaluación de la efectividad de algunos antimicrobianos frente a listeria monocytogenes en lechuga |
| 300 | |a 25 p | ||
| 942 | |c BK | ||
| 945 | |d 20100916 00:00:00 |a mfarfan | ||
| 260 | |a Bogotá |b Fundación Universidad de Bogotá Jorge Toledo Lozano |c 2010 | ||
| 500 | |a Resultados de Investigación, v.3, n§3. ISSN: 2027-0291 | ||
| 650 | 7 | |a LISTERIA |2 CL-VaPUC |9 553132 | |
| 650 | 0 | |a Bacterias |9 298237 | |
| 650 | 0 | |a Microbios |9 326597 | |
| 650 | 0 | |a Microorganismos |9 264259 | |
| 650 | 0 | |a Lechugas |9 405848 | |
| 583 | |a last modification |c 20100916 00:00:00 |k Rodrigo Vera | ||
| 490 | 0 | |a Resultados de Investigación, 3 | |
| 999 | |c 342804 |d 342802 | ||
| 952 | |0 0 |1 0 |2 ddc |4 0 |6 579_370000000000000_LUN_2010 |7 0 |8 A |9 439343 |a BIBAGR |b BIBAGR |d 2019-11-22 |i 4718291 |o 579.37 LUN 2010 |p 4718291 |r 2025-01-20 |w 2019-11-22 |y BK |k AGR | ||